| 000 | 00834nam a2200217 i 4500 | ||
|---|---|---|---|
| 001 | 136679 | ||
| 003 | ES-MaACL | ||
| 005 | 20230906195212.0 | ||
| 007 | t| | ||
| 008 | 070214s1962 sp |||| | spa d | ||
| 245 | 0 | 0 |
_aTratado de las enfermedades infecciosas en la infancia / _cdirigido por el doctor J. M. Sala Ginabreda ; con la colaboración de Pedro Calafell y A. Pérez Soler ; secretario de redacción Juan Albós Martínez. |
| 250 | _a2ª ed. | ||
| 260 |
_aBarcelona : _bEd. Científico-Médica, _c1962. |
||
| 300 |
_a2 v. : _bil. ; _c25 cm. |
||
| 650 | 4 |
_aEnfermedades infecciosas en niños. _9165283 |
|
| 700 | 1 |
_aCalafell, Pedro. _933512 |
|
| 700 | 1 |
_aPérez-Soler, Agustín. _991165 |
|
| 700 | 1 |
_aAlbós Martínez, Juan. _919421 |
|
| 700 | 1 |
_aSala Ginabreda, José María. _9101665 |
|
| 852 |
_aES-MaACL _jC-22119-20 |
||
| 999 |
_c136679 _d136679 |
||